000 00359nam a2200145 a 4500
008 961202s1971||||xx 0 und c
040 _aSNK
_bslo
_cSNK
_eAACR2
100 1 _aBukovčan, Ivan
245 1 0 _aKým kohút nezaspieva
_bslučka pre dvoch
260 _aBratislava
_bTatran
_c1971
300 _a207 s.
020 _c10
041 _aslo
044 _axo
_cSK
999 _c7796
_d7796